Нидерландские области от батавов и белгов до Бельгийской революции 1830 года (Запись № 12235268)

Подробности
000 -МАРКЕР
контрольное поле 02083nam0a2200337 4500
001 - ИДЕНТИФИКАТОР ЗАПИСИ
контрольное поле RU\NLR\BIBL_A\011877849
005 - ИДЕНТИФИКАТОР ВЕРСИИ
контрольное поле 20260607083004.0
010 ## - МЕЖДУНАРОДНЫЙ СТАНДАРТНЫЙ НОМЕР КНИГИ (ISBN)
Номер (ISBN) 978-5-904914-31-8
Тираж 1000
021 ## - НОМЕР ГОСУДАРСТВЕННОЙ РЕГИСТРАЦИИ
Код страны Российская Федерация
Номер КН-П-18-084661
Номер Листа государственной регистраци КН-П-18-6130
035 ## - ДРУГИЕ СИСТЕМНЫЕ НОМЕРА
Идентификатор записи (NLR Aleph) 011877849
035 ## - ДРУГИЕ СИСТЕМНЫЕ НОМЕРА
Идентификатор записи (RuMoRGB)009803519
100 ## - ДАННЫЕ ОБЩЕЙ ОБРАБОТКИ
Данные общей обработки 20181130d2018 u y0rusy50 ca
101 0# - ЯЗЫК РЕСУРСА
Язык текста, звукозаписи и т.д. русский
102 ## - СТРАНА ПУБЛИКАЦИИ ИЛИ ПРОИЗВОДСТВА
Страна публикации Российская Федерация
105 ## - ПОЛЕ КОДИРОВАННЫХ ДАННЫХ: ТЕКСТОВЫЕ МАТЕРИАЛЫ, МОНОГРАФИЧЕСКИЕ
Кодированные данные о монографическом текстовом документе acbhj|||000zy
200 1# - ЗАГЛАВИЕ И СВЕДЕНИЯ ОБ ОТВЕТСТВЕННОСТИ
Основное заглавие Нидерландские области от батавов и белгов до Бельгийской революции 1830 года
Сведения, относящиеся к заглавию инновационный учебно-методический комплекс "История"
Обозначение и номер части модуль 3.5
Сведения, относящиеся к заглавию учебное пособие
-- [для старших классов средней школы]
Первые сведения об ответственности ГАУГН [и др.
Последующие сведения об ответственности к.ист.н. Майзлиш А. А. и др.]
-- ответственный редактор Г. А. Шатохина-Мордвинцева
210 ## - ПУБЛИКАЦИЯ, РАСПРОСТРАНЕНИЕ И ДР.
Место издания, распространения и т.д. Москва
Имя издателя, распространителя и т. д. Общероссийская общественная организация Ассоциация учителей истории и обществознания [и др.]
Дата издания, распространения и т.д. 2018
215 ## - ФИЗИЧЕСКАЯ ХАРАКТЕРИСТИКА
Специфическое обозначение материала и объем 249 с.
Другие сведения о физической характеристике ил., цв. ил., портр., карт., факс., табл.
Размеры 28
320 ## - ПРИМЕЧАНИЯ О НАЛИЧИИ В ДОКУМЕНТЕ БИБЛИОГРАФИИ / УКАЗАТЕЛЯ
Текст примечания Библиогр.: с. 243-247
607 ## - ГЕОГРАФИЧЕСКОЕ НАИМЕНОВАНИЕ КАК ПРЕДМЕТ
Географическое наименование Нидерланды
Формальный подзаголовок Учебные издания для средней школы
Тематический подзаголовок История
Системный номер авторитетной/нормативной записи 1143289
Идентификатор авторитетной/нормативной записи RU\NLR\AUTH\66136910
686 1# - ИНДЕКСЫ ДРУГИХ КЛАССИФИКАЦИЙ
Индекс Т3(4Н)я72
702 #1 - ИМЯ ЛИЦА - ВТОРИЧНАЯ ОТВЕТСТВЕННОСТЬ
Начальный элемент ввода Майзлиш
Часть имени, кроме начального элемента ввода А. А.
Расширение инициалов личного имени Анна Александровна
Код отношения Составитель
702 #1 - ИМЯ ЛИЦА - ВТОРИЧНАЯ ОТВЕТСТВЕННОСТЬ
Код отношения Редактор
Материалы, к которым относится поле rus
Графика поля Кириллица
Начальный элемент ввода Шатохина-Мордвинцева
Часть имени, кроме начального элемента ввода Г. А.
Расширение инициалов личного имени Галина Алексеевна
Идентификатор авторитетной/нормативной записи RU\NLR\AUTH\778466
Системный номер авторитетной/нормативной записи 118371
712 02 - НАИМЕНОВАНИЕ ОРГАНИЗАЦИИ - ВТОРИЧНАЯ ОТВЕТСТВЕННОСТЬ
Код отношения Прочие
Начальный элемент ввода Государственный академический университет гуманитарных наук
Идентифицирующий признак Москва
Системный номер авторитетной/нормативной записи 770351
Идентификатор авторитетной/нормативной записи RU\NLR\AUTH\8810137446
942 ## - ДОПОЛНИТЕЛЬНЫЕ ЭЛЕМЕНТЫ ЗАПИСИ (АБИС)
Тип экземпляра АБИС Книга
980 ## - КОЛЛЕКЦИЯ
Название коллекции НБР
980 ## - КОЛЛЕКЦИЯ
Название коллекции Национальная библиография

Нет доступных экземпляров.